Miasta przy Drodze Krajowej nr 11 - Statystyki

Ogólne statystyki
  • Ten quiz został rozwiązany 56 razy
  • Średni wynik to 14 z 26
Statystyki odpowiedzi
Ludność Województwo Miasto % Poprawnych
534 813 Wielkopolskie Poznań
95%
73 139 Wielkopolskie Piła
82%
106 880 Zachodniopomorskie Koszalin
77%
71 932 Wielkopolskie Ostrów Wielkopolski
77%
165 263 Śląskie Bytom
74%
46 568 Zachodniopomorskie Kołobrzeg
74%
40 043 Zachodniopomorskie Szczecinek
69%
23 554 Opolskie Kluczbork
67%
18 375 Wielkopolskie Oborniki
64%
61 361 Śląskie Tarnowskie Góry
64%
26 353 Wielkopolskie Jarocin
62%
24 518 Śląskie Lubliniec
59%
17 356 Wielkopolskie Pleszew
56%
14 419 Wielkopolskie Kępno
51%
14 376 Wielkopolskie Ostrzeszów
51%
7 784 Wielkopolskie Kórnik
49%
3 644 Opolskie Byczyna
46%
19 100 Wielkopolskie Chodzież
46%
9 504 Opolskie Olesno
46%
4 061 Zachodniopomorskie Bobolice
44%
31 941 Wielkopolskie Luboń
44%
8 671 Wielkopolskie Jastrowie
38%
3 983 Wielkopolskie Okonek
33%
3 750 Wielkopolskie Ujście
31%
16 818 Śląskie Radzionków
26%
9 123 Wielkopolskie Nowe Miasto Nad Wartą
5%
Nie znaleziono quizów pasujących do podanych kryteriów
Rozkład punktacji
Procent ludzi z każdym wynikiem
Percentyl według liczby udzielonych odpowiedzi
Twoja historia wyników
Nie rozwiązałeś tego quizu